مصائد صنع القرار : (Record no. 4980)

MARC details
000 -LEADER
fixed length control field 01136naa a2200229 ar4500
001 - CONTROL NUMBER
control field 4982
005 - DATE AND TIME OF LATEST TRANSACTION
control field 20221127091053.0
008 - FIXED-LENGTH DATA ELEMENTS--GENERAL INFORMATION
fixed length control field 190625s su a 001 0|ara d
020 ## - INTERNATIONAL STANDARD BOOK NUMBER
International Standard Book Number )9786035077248غلاف ورقي)
082 00 - DEWEY DECIMAL CLASSIFICATION NUMBER
Classification number 658.403
Item number م543
245 00 - TITLE STATEMENT
Title مصائد صنع القرار :
Remainder of title العقبات العشر امام صنع القرار الرائع وكيفية التغلب عليها /
Statement of responsibility, etc. تحرير J. Edward Russo, Paul J. Schoemaker ؛ ترجمة محمد الشهري.
260 ## - PUBLICATION, DISTRIBUTION, ETC.
Place of publication, distribution, etc. الرياض :
Name of publisher, distributor, etc. دار جامعة الملك سعود للنشر،
Date of publication, distribution, etc. 2019.
300 ## - PHYSICAL DESCRIPTION
Extent ا- ت، 260 ص.
Other physical details ايضاحيات ؛
Dimensions 24 سم.
500 ## - GENERAL NOTE
General note ترجمة لكتاب:Decision traps : the ten barriers .... / J.Russo, Paul Schoemaker. 1990.
504 ## - BIBLIOGRAPHY, ETC. NOTE
Bibliography, etc. note يتضمن ارجاعات ببليوجرافية وكشاف.
650 #4 - SUBJECT ADDED ENTRY--TOPICAL TERM
Topical term or geographic name entry element اتخاذ القرارات.
650 #4 - SUBJECT ADDED ENTRY--TOPICAL TERM
Topical term or geographic name entry element القيادة الادارية.
650 #4 - SUBJECT ADDED ENTRY--TOPICAL TERM
Topical term or geographic name entry element ادارة الاعمال.
700 0# - ADDED ENTRY--PERSONAL NAME
Personal name روسو، ج. ادوارد،
Relator term محرر.
700 0# - ADDED ENTRY--PERSONAL NAME
Personal name شومايكر، بول ج.،
Relator term محرر.
700 0# - ADDED ENTRY--PERSONAL NAME
Personal name الشهري، محمد بن يحيى،
Relator term مترجم.
Holdings
Withdrawn status Lost status Source of classification or shelving scheme Damaged status Not for loan Home library Current library Date acquired Total Checkouts Full call number Barcode Date last seen Copy number Price effective from Koha item type
          CENTRAL CENTRAL 11/27/2022   658.403 ك543 1000000014973 11/27/2022 C1 11/27/2022 Book